Quizzes
Events
Quiz Creation
Community
Videos
Private Events
Remove Ads
Sign In
Join for FREE
Feedback
Dark Mode
Quiz Categories
Sports
Geography
Music
Movies
Television
Just For Fun
Miscellaneous
History
Literature
Language
Science
Gaming
Entertainment
Religion
Holiday
For Kids
Quiz Lab
Recent
Popular Today
Quiz Kudos Today
Editor Picks
Curator Picks
Quizzes by...
Day
Popularity
Type
Ratings
Length
Year
Community
Subscriptions
Recent Discussions
Orange Saloon
Badges
Playlists
Quests
Create
Leaderboards
Showdown
Live 5
Trivia Bingo
Activity
Puzzle Library
Sporcle Events
Private Events
Virtual Trivia
Globe League
Become a Host
Pub Owners
SporcleCon
Opinionation
Our Games
Videos
Blog
Mobile Apps
Partnerships
Remove Ads and Go Orange
Feedback
Music
Pop Music
The Beatles
Song
Album
Lyrics
Bands
Singers
Artist
Clip
Rock
Rap
Classical
Billboard
Country Music
Kpop
Taylor Swift
Music
Pop Music
The Beatles
Song
Album
Lyrics
Bands
Singers
Artist
Clip
Rock
Rap
Classical
Billboard
Country Music
Kpop
Taylor Swift
Random Quiz
Search Sporcle
×
Quiz Lab
Quiz Lab
Music
The Beatles
Type in answers that appear in a list
Type in answers that appear in a list
Classic
Best Score? Go Orange.
Figure Out The Lyrics: Beatles #19 Stats
Can you name the Figure Out The Lyrics: Beatles #19
By
szoobazabaszoo
10m
211 Questions
539 Plays
539 Plays
539 Plays
Comments
Comments
Give Quiz Kudos
Give Quiz Kudos
-
- Ratings
hide this ad
Replay
Link that replays current quiz
Next Quiz
Link to next quiz in quiz playlist
You Got
0%
They Got
Avg Score
77%
Avg Friend Score
Upgrade to see
Score Distribution
Jump to the score distribution portion of the page
Score
0/211
Timer
10:00
0
Plays Today
% Correct
I
98.7%
I
98.7%
I
98.7%
I
98.7%
I
98.7%
I
98.7%
I
98.7%
I
98.7%
I
98.7%
I
98.7%
I
98.7%
I
98.7%
I
98.7%
I
98.7%
I
98.7%
I
98.7%
I
98.7%
I
98.7%
I
98.7%
I
98.7%
I
98.7%
I
98.7%
I
98.7%
I
98.7%
I
98.7%
I
98.7%
I
98.7%
I
98.7%
a
96.5%
a
96.5%
you
95.7%
you
95.7%
you
95.7%
You
95.7%
you
95.7%
You
95.7%
you
95.7%
you
95.7%
you
95.7%
you
95.7%
you
95.7%
you
95.7%
you
95.7%
you
95.7%
you
95.7%
you
95.7%
you
95.7%
you
95.7%
you
95.7%
you
95.7%
you
95.7%
you
95.7%
to
93.5%
to
93.5%
to
93.5%
to
93.5%
to
93.5%
to
93.5%
to
93.5%
the
92.2%
And
88.1%
and
88.1%
And
88.1%
And
88.1%
in
87.9%
me
86.8%
me
86.8%
be
85.3%
be
85.3%
be
85.3%
know
83.9%
% Correct
know
83.9%
know
83.9%
my
83.7%
my
83.7%
my
83.7%
my
83.7%
my
83.7%
do
82.7%
do
82.7%
what
82.4%
What
82.4%
what
82.4%
what
82.4%
want
81.6%
want
81.6%
see
80%
see
80%
see
80%
see
80%
see
80%
of
79.8%
of
79.8%
of
79.8%
of
79.8%
there
79%
there
79%
there
79%
there
79%
there
79%
there
79%
When
78.1%
can
77.6%
can
77.6%
need
76.6%
need
76.6%
need
76.6%
life
75.9%
life
75.9%
life
75.9%
life
75.9%
life
75.9%
If
75.7%
if
75.7%
was
75.1%
was
75.1%
did
73.7%
did
73.7%
Did
73.7%
day
73.3%
day
73.3%
would
73.1%
tell
73.1%
I'm
73.1%
I'm
73.1%
tell
73.1%
would
73.1%
tell
73.1%
where
72.5%
where
72.5%
get
72%
get
72%
get
72%
for
71.8%
Ooh
71.4%
Ooh
71.4%
Ooh
71.4%
Ooh
71.4%
Ooh
71.4%
Ooh
71.4%
Got
71.2%
Got
71.2%
% Correct
got
71.2%
Say
70.9%
into
70.9%
into
70.9%
into
70.9%
Every
70.7%
Every
70.7%
didn't
70.5%
didn't
70.5%
didn't
70.5%
didn't
70.5%
could
69.8%
could
69.8%
then
69.6%
then
69.6%
with
68.6%
single
68.3%
single
68.3%
alone
67.9%
were
67.9%
alone
67.9%
find
66.2%
find
66.2%
just
65.3%
I'll
65.3%
took
62.9%
took
62.9%
knew
62.2%
knew
62.2%
ride
61.2%
suddenly
61.2%
suddenly
61.2%
ride
61.2%
suddenly
61.2%
time
60.1%
hear
59.7%
hold
59.4%
we'll
59.4%
had
58.6%
had
58.6%
way
58.3%
near
58.1%
together
57.3%
Another
57.1%
another
57.1%
Another
57.1%
another
57.1%
run
56.4%
wanted
56.2%
kind
55.8%
kind
55.8%
mind
55.5%
mind
55.5%
stay
54.5%
never
54.5%
maybe
52.1%
maybe
52.1%
meant
51.2%
gone
49%
everyday
48.2%
road
47.1%
road
47.1%
told
46.6%
leave
46%
lie
41.6%
We'd
41.2%
true
40.8%
again
40.3%
meet
37.8%
Quiz Playlist
Details
Report
Send in Message
Add To Playlist
Classic:
Type in answers that appear in a list
Last Updated: Feb 16, 2017
Quiz Scoreboard
CHALLENGE
Sign Up to Join the Scoreboard
Show All
Scores
Hide
Comments
May contain spoilers
Recently Published
College Basketball Coaching Resumes
by pancakes188
Sports
9m
Billboard Blitz: Fleetwood Mac
by CooCooCachoo
Music
15s
Presidents Visiting Landmarks
by Hejman
History
7m
More to Explore
Quiz From the Vault
Featured Blog Post
Where Did the Easter Bunny Come From?
hide this ad
You Might Also Like...
Tags
Lyrics Quiz
The Beatles Quiz
Figure Out the Lyrics
George Harrison
John Lennon
Paul McCartney
Ringo Starr
Today's Top Quizzes in Music
Browse Music
hide this ad
Today's Top Quizzes in The Beatles
Browse The Beatles
Top Contributed Quizzes in Music
1
Taylor Swift All Songs (2024)
2
7-to-1: Billboard Hot 100 #1 Hits of 2010s
3
Guess the Artist- 70s Songs
4
Sorting Albums and Songs
5
Taylor Swift Logic Puzzle
6
KPOP LOGIC QUIZ
7
Guess the Taylor Swift song (Mystery Song)
8
2010s Album by Cover III
9
One Thing in Common: Music
10
Guess The Taylor Swift Lyrics Song #1
Explore More
Trending Topics
NBA
Disney
Anime
Marvel
Kpop
Harry Potter
Crossword
WWE
NFL
Puzzle
Song
Pokémon
The Office
Soccer
Country
hide this ad
More By:
szoobazabaszoo
Quiz
Plays
Rating
Category
Featured
Created
Figure Out The Lyrics: Nirvana #1
990
4.25
Music
Apr 21, 2013
Nirvana Lyrics
948
3.00
Music
Apr 9, 2013
Figure Out The Lyrics: Beatles #20
742
4.83
Music
Oct 31, 2014
Figure Out The Lyrics: Beatles #14
650
3.75
Music
Oct 28, 2014
Figure Out The Lyrics: Beatles #21
643
4.20
Music
Oct 31, 2014
Go to Creator's Profile
Score Distribution
Quiz Creator Spotlight
szoobazabaszoo
Follow
Send a Message
Quizzes Created
-
Created Quiz Play Count
-
More By This Creator
Popular Quizzes Today
1
Find the US States - No Outlines Minefield
2
Find the Countries of Europe - No Outlines Minefield
3
The Countries of the World
4
Find the US States
5
Risky Map Clicking: Biggest States A-Z
6
US States
7
Popular People in 1961
8
Movies - When Are They Set?
More Music Quizzes
last 200 kpop songs i've listened to
Quiz Lab
Trending Quizzes
Risky Map Clicking: Least Populous States A-Z
1-10 Letter G Words
1-10 Letter F Words
Risky Map Clicking: Next State Alphabetically
Risky Map Clicking: Biggest States A-Z
Recently Updated
Leaping Animals
pecheneg
Reality TV Shows (A-Z)
bhenderson79
Rickey Henderson's Hall of Fame Teammates
pecheneg
Champions League XIs: Arsenal
pecheneg
Quick Pick: Celebrities in WWE's Hall of Fame
aduchscher
A-Z Keypad Blitz II
pecheneg
Multiple Oscar Actors
pecheneg
Mystery Phrase Blitz: Oscar 'Best Actors'
pecheneg
F. Scott Fitzgerald Novels
LTH
Pick 3 Villains
ddd62291
Trending Topics
Disney
Harry Potter
Marvel
Anime
Kpop
Crossword
NBA
WWE
Country
Soccer
Pokémon
Song
The Office
Puzzle
NFL
Your Account Isn't Verified!
In order to create a playlist on Sporcle, you need to verify the email address you used during registration. Go to your
Sporcle Settings
to finish the process.
Report this User
Report this user for behavior that violates our
Community Guidelines
.
Details:
Send Report
Go to the Sporcle.com Mobile Site →
Comments